Normal view
MARC view
- Scramuzza, Vincent M
Entry Personal Name
001 - CONTROL NUMBER
- control field: 6168
003 - CONTROL NUMBER IDENTIFIER
- control field: OSt
005 - DATE AND TIME OF LATEST TRANSACTION
- control field: 20240322151729.0
008 - FIXED-LENGTH DATA ELEMENTS
- fixed length control field: 240322|| aca||aabn | a|a d
040 ## - CATALOGING SOURCE
- Original cataloging agency: OSt
- Transcribing agency: OSt
100 ## - HEADING--PERSONAL NAME
- Personal name: Scramuzza, Vincent M
670 ## - SOURCE DATA FOUND
- Source citation: Work cat.: (OSt)7643: Scramuzza, Vincent M ., Ancient World / , 1958.
